000 00886nam a22002295i 4500
001 178252
003 ES-MaACL
005 20250827100952.0
008 110524s1968 sp |||| | spa d
080 _a930.85(=1-82:7)
100 1 _aSepúlveda, Rafael.
_9105505
245 1 4 _aLos habitantes primitivos de América del Norte /
_cpor Rafael Sepúlveda.
260 _aMadrid :
_bDelblan,
_cD. L. 1968.
300 _a16 p. ;
_c16 cm.
490 1 _aMosaico cultural : colección de temas instructivos. 3. Los países exóticos ;
_v19
500 _aEncuadernado con otros títulos.
650 4 _aPueblos indígenas-
_zAmérica del Norte.
_9146701
651 4 _aChina-
_xDescripción.
_98049
830 0 0 _aMosaico cultural: colección de temas instructivos.
_pLos países exóticos
_v19
_9190821
852 _aES-MaACL
_jE-15190 (19)
_xOlim P-1923
999 _c178252
_d178252